| 000 | 00404nam a22001697a 4500 | ||
|---|---|---|---|
| 003 | SGT | ||
| 020 | _a9789351526667 | ||
| 082 |
_a610.7362 _bE21S |
||
| 100 | _aSHARMA, ,RIMPLE | ||
| 245 | _aESSENTIALS PEDIATRIC NURSING | ||
| 250 | _a3RD | ||
| 260 |
_aINDIA _bJAYPEE PUB _c2021 |
||
| 300 | _a493 | ||
| 650 | _a PEDIATRIC NURSING | ||
| 653 | _aESSENTIALS PEDIATRIC NURSING | ||
| 942 |
_2ddc _cBK _0235 |
||
| 999 |
_c24931 _d24931 |
||